|
|
|
|
| LEADER |
00000nam0a2200000 4500 |
| 001 |
194898 |
| 005 |
20231031182514.0 |
| 010 |
|
|
|a 9785170704934
|
| 010 |
|
|
|a 978-5-271-32012-5
|
| 010 |
|
|
|a 978-5-226-03222-6
|
| 035 |
|
|
|a (RuTPU)RU\TPU\book\212575
|
| 090 |
|
|
|a 194898
|
| 100 |
|
|
|a 20110426d2011 m y0rusy50 ca
|
| 101 |
1 |
|
|a rus
|c eng
|
| 102 |
|
|
|a RU
|
| 105 |
|
|
|a y z 000ay
|
| 200 |
1 |
|
|a Трагедия закона
|e роман
|e пер. с англ.
|f С. Хейр
|
| 210 |
|
|
|a Москва
|c АСТ
|c Астрель
|a Владимир
|c ВКТ
|d 2011
|
| 215 |
|
|
|a 320 с.
|
| 225 |
1 |
|
|a Английский детектив: лучшее
|
| 330 |
|
|
|a Этот роман легендарного автора «Чисто английского убийства» считается ЛУЧШИМ из его произведений! Член Высокого суда Джастис Барбер проводит жизнь в бесконечных разъездах, председательствуя на самых серьезных процессах Южной Англии. Он вынес множество приговоров — но кто из осужденных им преступников или близких прислал ему анонимное письмо с угрозами? Поначалу Барбер не принимает угроз анонимщика всерьез — но вскоре ему только чудом удается избежать смерти от яда. Полиция бездействует. И тогда за дело берется детектив-любитель Фрэнсис Петтигрю — человек у которого есть настоящий дар задавать нужным людям нужные вопросы. Однако успеет ли он узнать, кто хочет избавиться от судьи, пока убийца не преуспел в задуманном?
|
| 610 |
1 |
|
|a английская литература
|
| 610 |
1 |
|
|a детективы
|
| 610 |
1 |
|
|a романы
|
| 675 |
|
|
|a 82
|v 3
|
| 700 |
|
1 |
|a Хейр
|b С.
|g Сирил
|
| 801 |
|
1 |
|a RU
|b 63413507
|c 20110426
|
| 801 |
|
2 |
|a RU
|b 63413507
|c 20110504
|g RCR
|
| 942 |
|
|
|c BK
|